<?xml version="1.0" encoding="UTF-8"?>
<record
    xmlns:xsi="http://www.w3.org/2001/XMLSchema-instance"
    xsi:schemaLocation="http://www.loc.gov/MARC21/slim http://www.loc.gov/standards/marcxml/schema/MARC21slim.xsd"
    xmlns="http://www.loc.gov/MARC21/slim">

  <leader>01051nam a22002537a 4500</leader>
  <controlfield tag="005">20111109161751.0</controlfield>
  <datafield tag="010" ind1=" " ind2=" ">
    <subfield code="a">B-444703</subfield>
  </datafield>
  <datafield tag="020" ind1=" " ind2=" ">
    <subfield code="a">9780752847740</subfield>
    <subfield code="c">430.00</subfield>
  </datafield>
  <datafield tag="035" ind1=" " ind2=" ">
    <subfield code="a">B-444703</subfield>
  </datafield>
  <datafield tag="082" ind1="0" ind2="0">
    <subfield code="a">S</subfield>
    <subfield code="2">22</subfield>
  </datafield>
  <datafield tag="100" ind1="1" ind2=" ">
    <subfield code="a">Uderzo.</subfield>
    <subfield code="9">37536</subfield>
  </datafield>
  <datafield tag="245" ind1="1" ind2="0">
    <subfield code="a">Asterix and the black gold /</subfield>
    <subfield code="c">written and illustrated by Albert Uderzo.</subfield>
  </datafield>
  <datafield tag="260" ind1=" " ind2=" ">
    <subfield code="a">London :</subfield>
    <subfield code="b">Orion ;</subfield>
    <subfield code="a">New York :</subfield>
    <subfield code="c">2001.</subfield>
  </datafield>
  <datafield tag="270" ind1=" " ind2=" ">
    <subfield code="a">Orion House,5 Upper Saint Martin's Lane</subfield>
    <subfield code="b">London</subfield>
    <subfield code="e">wc2H9EA</subfield>
  </datafield>
  <datafield tag="300" ind1=" " ind2=" ">
    <subfield code="a">48 p. :</subfield>
    <subfield code="b">all col. ill. ;</subfield>
    <subfield code="c">29 cm.(pbk)</subfield>
  </datafield>
  <datafield tag="490" ind1="1" ind2=" ">
    <subfield code="a">An Asterix adventure</subfield>
    <subfield code="9">37537</subfield>
  </datafield>
  <datafield tag="500" ind1=" " ind2=" ">
    <subfield code="a">This translation originally published: London: Hodder &amp; Stoughton, 1982.</subfield>
  </datafield>
  <datafield tag="700" ind1="1" ind2=" ">
    <subfield code="d">1926-1977.</subfield>
    <subfield code="9">35801</subfield>
  </datafield>
  <datafield tag="800" ind1="1" ind2=" ">
    <subfield code="a">.</subfield>
    <subfield code="9">35802</subfield>
  </datafield>
  <datafield tag="942" ind1=" " ind2=" ">
    <subfield code="2">ddc</subfield>
    <subfield code="c">CH</subfield>
    <subfield code="h">S</subfield>
    <subfield code="m">UDE</subfield>
  </datafield>
  <datafield tag="999" ind1=" " ind2=" ">
    <subfield code="c">58292</subfield>
    <subfield code="d">58292</subfield>
  </datafield>
  <datafield tag="952" ind1=" " ind2=" ">
    <subfield code="0">0</subfield>
    <subfield code="1">0</subfield>
    <subfield code="4">0</subfield>
    <subfield code="7">0</subfield>
    <subfield code="8">FIC</subfield>
    <subfield code="a">ZLS</subfield>
    <subfield code="b">ZLS</subfield>
    <subfield code="d">2011-12-23</subfield>
    <subfield code="e">Blue Berry/7042/29.9.11/83/21.3.11/12.10.11</subfield>
    <subfield code="g">430.00</subfield>
    <subfield code="l">3</subfield>
    <subfield code="m">1</subfield>
    <subfield code="o">S UDE</subfield>
    <subfield code="p">B-444703</subfield>
    <subfield code="q">2026-05-08</subfield>
    <subfield code="r">2026-04-13 15:25:36</subfield>
    <subfield code="s">2026-04-13</subfield>
    <subfield code="t">1</subfield>
    <subfield code="v">430.00</subfield>
    <subfield code="w">2011-12-23</subfield>
    <subfield code="y">CH</subfield>
  </datafield>
</record>
